Creative socials and special events. (Record no. 12493)

000 -LEADER
fixed length control field 00767nam a2200217 a 4500
001 - CONTROL NUMBER
control field :::00010295$&:&@@
003 - CONTROL NUMBER IDENTIFIER
control field OkBaRHE
005 - DATE AND TIME OF LATEST TRANSACTION
control field 20000607103357.0
008 - FIXED-LENGTH DATA ELEMENTS--GENERAL INFORMATION
fixed length control field s1986 j 000 0 eng u
020 ## - INTERNATIONAL STANDARD BOOK NUMBER
International Standard Book Number 0310351316 (pbk.)
040 ## - CATALOGING SOURCE
Transcribing agency
100 1# - MAIN ENTRY--PERSONAL NAME
Personal name Rice, Wayne and Yaconelli, Mike.
245 10 - TITLE STATEMENT
Title Creative socials and special events.
260 ## - PUBLICATION, DISTRIBUTION, ETC. (IMPRINT)
Place of publication, distribution, etc Grand Rapids, MI., :
Name of publisher, distributor, etc Zondervan Publishing House
Date of publication, distribution, etc c1986
300 ## - PHYSICAL DESCRIPTION
Extent 206 p. : illus. ;
Dimensions 21 cm.
650 ## - SUBJECT ADDED ENTRY--TOPICAL TERM
Topical term or geographic name as entry element Church Group Work with Youth
General subdivision Handbooks, Manuals, etc.
650 ## - SUBJECT ADDED ENTRY--TOPICAL TERM
Topical term or geographic name as entry element Church Work with Youth
General subdivision Handbooks, Manuals, etc.
700 ## - ADDED ENTRY--PERSONAL NAME
Personal name Yaconelli, Mike, Joint author.
942 ## - ADDED ENTRY ELEMENTS (KOHA)
Source of classification or shelving scheme
Koha item type Books
Copies
Date last seen Full call number Source of classification or shelving scheme Barcode Damaged status Not for loan Permanent Location Koha item type Shelving location Copy number Price effective from Lost status Date acquired Withdrawn status
2010-04-14BV 4447 .R46 10295  RHEMA Bible Training CollegeBooksGeneral Stacks12010-04-14 2010-04-14